01077nam a2200217 a 450000100100000000500170001000800410002702000150006804000250008310000380010824501570014626000790030330000340038250001270041650000210054350400330056470000350059771001040063295201060073699900170084200004093020201002034503.0130911s1985 pr 001 0 spa d a0847723127 aDO-SdBNPbspacBNPHU1 aGarcía de Serrano, Irma.96735610aManual para la preparación de informes y tesis /cdirectora Irma García de Serrano ; ayudantes de investigación, Norbert Rivera Morales...[et.al]. aPuerto Rico :bEditorial Universitaria, Universidad de Puerto Rico,c1985. aviii, 239 p. :bil. ;c27 cm. aPreparado por la Oficina de Investigaciones de la Escuela de Administración Pública de la Universidad de Puerto Rico." aIncluye índice aBibliografía : p. 217-219.1 aRivera Morales, Norbert9673572 aUniversidad de Puerto Rico. Recinto de Río Piedras. Escuela de Administración Pública.967358 0010507-18MOaPDbPDcOId2013-09-11iLF1l0o p40930-10r2020-06-25w2020-06-25y1ZNo se presta c40420d40420